[Event "Stay Safe Play From Home 356"]
[Site "Emanuel Lasker Arena"]
[Date "2020.08.04"]
[Round "1"]
[White "NTBT_DHS"]
[Black "Little champs"]
[Result "1-0"]
[WhiteElo "2590"]
[BlackElo "2186"]
[Annotator "TA"]
[PlyCount "39"]
[EventDate "2020.08.04"]
[EventType "swiss (blitz)"]

{[%evp 9,39,12,10,12,47,17,47,24,56,29,27,12,13,9,25,4,8,7,48,10,66,53,77,14,14,14,15,19,667,692,808,797]} 1. e4 c6 2. d4 d5 3. e5 c5 4. c3 cxd4 5. cxd4 Nc6 6. Nc3 {B12: Caro-Kann: Advance Variation.} g6 7. f4 Bg7 8. Nf3 {[#] White is slightly better.} a6 $146 ({Predecessor:} 8... Bg4 9. Bb5 e6 10. O-O Nge7 11. h3 Bxf3 12. Rxf3 a6 13. Bxc6+ Nxc6 14. Be3 Bf8 {0-1 (48) Pakhomov,D (2068)-Piskunov,A (2206) Krasnoyarsk 2011}) 9. g3 Bg4 10. Bg2 e6 11. Be3 Nge7 12. O-O Nf5 13. Bf2 O-O 14. Na4 {[%cal Bc3a4,Ba4c5,Bc5e6,Be6d4][%mdl 32]} f6 ({Black should try} 14... Rc8 $11) 15. Nc5 Qe7 {[#]} 16. h3 (16. Qd2 $1 $16) 16... Bxf3 $1 $11 17. Bxf3 fxe5 18. dxe5 {Hoping for Nxe6!} b6 $2 {[%mdl 8192] [#]} (18... Nxg3 $11 19. Nxe6 Nxf1) 19. Nxe6 $1 $18 {[%mdl 576] Discovered Attack} Nfd4 (19... Qxe6 20. Bxd5) 20. Nxd4 {Accuracy: White = 68%, Black = 39%.} 1-0

[Event "Stay Safe Play From Home 356"]
[Site "Emanuel Lasker Arena"]
[Date "2020.08.04"]
[Round "1"]
[White "Nuktotitakoi"]
[Black "UdayChandra"]
[Result "1-0"]
[WhiteElo "2371"]
[BlackElo "1620"]
[Annotator "TA"]
[PlyCount "87"]
[EventDate "2020.08.04"]
[EventType "swiss (blitz)"]

{[%evp 11,86,16,3,5,16,-16,-18,-18,45,-275,2,12,12,14,35,40,80,80,117,122,122,120,122,122,158,108,131,126,172,175,164,93,92,99,768,-39,-41,-41,-4,-12,0,-255,0,0,0,-26,-16,-54,0,0,2004,1978,5290,5244,2294,1338,1336,1215,5202,1828,2143,2189,29980,29981,12843,12842,12845,12844,29994,29995,29996,29996,29996,29997,29997,29998,29999]} 1. d4 Nf6 2. Nf3 g6 3. g3 Bg7 4. Bg2 O-O 5. O-O d6 6. b3 e5 7. dxe5 {A49: 1 d4 Nf6 2 Nf3 g6 3 g3: Anti-King's Indian systems.} dxe5 8. Qxd8 Rxd8 9. Bb2 {[#] The position is equal.} Nc6 $146 (9... e4 $11 10. Ne5 Bf5) ({Predecessor:} 9... e4 10. Nfd2 Bf5 11. Nc4 Nc6 12. Nc3 Nd4 13. Ne3 Ng4 14. Ned1 Nxc2 15. Rc1 Nd4 16. Re1 Bh6 17. e3 Nf3+ 18. Bxf3 exf3 {0-1 (35) Nanu,C (2509)-Jianu,V (2506) Galatzi 2007}) 10. Nbd2 $2 {[%mdl 8192]} (10. Nxe5 $14 Nxe5 11. Bxe5) 10... Bg4 $2 ({Black should play} 10... e4 $19 11. Bxf6 exf3 12. Bxd8 fxg2 13. Kxg2 Bxa1 14. Rxa1 Nxd8) 11. h3 $11 Bxf3 12. Nxf3 e4 13. Ng5 Re8 14. Rad1 h6 15. Bxf6 $1 Bxf6 16. Nxe4 Bg7 17. e3 Nb4 18. c4 Nxa2 19. Nc5 Nc3 {[#]} 20. Rd7 $1 ({Inferior is} 20. Bxb7 Nxd1 21. Bxa8 Nxe3 $11) 20... Rad8 21. Bxb7 ({White should try} 21. Rxc7 $18 b5 22. Rxa7) 21... Rxd7 $16 22. Nxd7 Rb8 $2 {[%mdl 8192]} (22... Rd8 $16) 23. Bc6 $2 ({White has to play} 23. Nxb8 $18 a5 24. Na6) 23... Rxb3 $15 {Strongly threatening ...a5.} 24. Kg2 Rb2 25. Ra1 Ra2 26. Rc1 $2 {[%mdl 8192] [#]} (26. Rxa2 $11 Nxa2 27. f4) 26... Na4 $2 (26... a5 $1 $19 {Hoping for ...a4.} 27. h4 a4) 27. Bxa4 Rxa4 $11 {[%mdl 4096] Endgame KRB-KRN} 28. c5 a5 29. c6 f5 (29... Ra1 $1 $15 30. Rxa1 Bxa1) 30. Nc5 Kf7 $2 {[%mdl 8192]} (30... Ra1 $11 31. Rc4 Be5) 31. Nxa4 $18 Ke7 32. Rd1 Be5 33. Rd7+ Ke8 34. Kf3 Bd6 35. Rh7 g5 36. Rxh6 g4+ 37. hxg4 fxg4+ 38. Kxg4 Kd8 {[#]} 39. Rxd6+ $1 Ke7 (39... cxd6 40. Kf5) 40. Rd7+ {[%mdl 64] Double Attack. White mates.} Ke8 41. Rxc7 Kf8 42. Ra7 Kg8 43. c7 {[%cal Rc7c8]} Kf8 44. c8=Q# {Accuracy: White = 52%, Black = 30%.} 1-0

[Event "Stay Safe Play From Home 356"]
[Site "Emanuel Lasker Arena"]
[Date "2020.08.04"]
[Round "1"]
[White "Fischer_11"]
[Black "Broken sword"]
[Result "0-1"]
[WhiteElo "2127"]
[BlackElo "2369"]
[Annotator "NA RC"]
[PlyCount "82"]
[EventDate "2020.08.04"]
[EventType "swiss (blitz)"]

1. e4 {[%emt 0:00:03]} c5 {[%emt 0:00:00]} 2. c3 {[%emt 0:00:01]} e6 {[%emt 0:00:00]} 3. d4 {[%emt 0:00:01]} a6 {[%emt 0:00:00]} 4. Nf3 {[%emt 0:00:02]} b5 {[%emt 0:00:01]} 5. Bd3 {[%emt 0:00:00]} Bb7 {[%emt 0:00:01]} 6. O-O {[%emt 0:00:01]} d6 {[%emt 0:00:01]} 7. Re1 {[%emt 0:00:01]} Nf6 {[%emt 0:00:01]} 8. Qe2 {[%emt 0:00:01]} Be7 {[%emt 0:00:01]} 9. Bc2 {[%emt 0:00:01]} Nbd7 {[%emt 0:00:01]} 10. Bg5 {[%emt 0:00:01]} e5 {[%emt 0:00:01]} 11. dxe5 {[%emt 0:00:05]} Nxe5 {[%emt 0:00:01]} 12. Nbd2 {[%emt 0:00:01]} O-O {[%emt 0:00:01]} 13. Nxe5 {[%emt 0:00:01]} dxe5 {[%emt 0:00:00]} 14. Nf3 {[%emt 0:00:01]} Qc7 {[%emt 0:00:01]} 15. Rad1 {[%emt 0:00:02]} Rfd8 {[%emt 0:00:01]} 16. Nh4 {[%emt 0:00:02]} h6 {[%emt 0:00:03]} 17. Bxf6 {[%emt 0:00:05]} Bxf6 {[%emt 0:00:00]} 18. Nf5 {[%emt 0:00:01]} Kh7 {[%emt 0:00:01]} 19. f3 {[%emt 0:00:02]} g6 {[%emt 0:00:01]} 20. Ne3 {[%emt 0:00:02]} Bh4 {[%emt 0:00:02]} 21. Rxd8 {[%emt 0:00:02]} Rxd8 {[%emt 0:00:01]} 22. Rd1 {[%emt 0:00:01]} c4 {[%emt 0:00:02]} 23. Rxd8 {[%emt 0:00:04]} Qxd8 {[%emt 0:00:01]} 24. g3 {[%emt 0:00:03]} Bg5 {[%emt 0:00:01]} 25. Kg2 {[%emt 0:00:05]} Bxe3 {[%emt 0:00:02]} 26. Qxe3 {[%emt 0:00:01]} Kg7 {[%emt 0:00:00]} 27. Kf2 {[%emt 0:00:03]} Qd6 {[%emt 0:00:02]} 28. Ke2 {[%emt 0:00:01]} Kf6 {[%emt 0:00:00]} 29. Qd2 {[%emt 0:00:02]} Ke7 {[%emt 0:00:01]} 30. Qxd6+ {[%emt 0:00:01]} Kxd6 {[%emt 0:00:00]} 31. b3 {[%emt 0:00:00]} Kc5 {[%emt 0:00:01]} 32. b4+ {[%emt 0:00:01]} Kb6 {[%emt 0:00:00]} 33. a3 {[%emt 0:00:00]} a5 {[%emt 0:00:00]} 34. Ke3 {[%emt 0:00:01]} Bc6 {[%emt 0:00:00]} 35. f4 {[%emt 0:00:01]} f6 {[%emt 0:00:01]} 36. h3 {[%emt 0:00:01]} Bd7 {[%emt 0:00:01]} 37. h4 {[%emt 0:00:01]} axb4 {[%emt 0:00:02]} 38. axb4 {[%emt 0:00:01]} Kc7 {[%emt 0:00:00]} 39. fxe5 {[%emt 0:00:01]} fxe5 {[%emt 0:00:01]} 40. Kf3 {[%emt 0:00:00]} Kd6 {[%emt 0:00:01]} 41. g4 {[%emt 0:00:00]} Ke7 {[%emt 0:00:00] Zeit Zeit Zeit Zeit Zeit (Lag: Av=0.28s, max=0.8s) (Lag: Av=0.28s, max=0.8s) (Lag: Av=0.28s, max=0.8s) (Lag: Av=0.28s, max=0.8s) (Lag: Av=0.28s, max=0.8s)} 0-1

[Event "Stay Safe Play From Home 356"]
[Site "Emanuel Lasker Arena"]
[Date "2020.08.04"]
[Round "1"]
[White "TheCHESSHOUSE"]
[Black "AChessPlayer"]
[Result "1-0"]
[WhiteElo "2086"]
[BlackElo "2418"]
[Annotator "TA"]
[PlyCount "157"]
[EventDate "2020.08.04"]
[EventType "swiss (blitz)"]

{[%evp 26,156,30,35,55,0,-8,-17,0,-54,-37,-50,-38,-42,-37,-41,-41,-49,-17,-43,-11,-41,-37,-50,-35,-41,-39,-45,-34,-45,-31,-57,68,72,72,71,55,26,77,0,0,-7,-8,-53,167,166,292,126,353,350,543,299,447,299,319,105,105,105,724,770,820,779,913,869,972,818,1043,986,6149,162,162,162,162,0,162,162,162,162,185,185,376,376,900,376,747,376,12840,12840,12841,12841,12841,12840,12841,-29977,12843,12843,12843,12843,29983,12844,12845,12845,12845,12846,12845,12846,29988,12846,29991,29992,29992,29993,29993,29994,29995,29993,29993,12850,29995,29996,29996,29995,29995,29995,29995,29996,29996,29997,29998,29998,29998,29999,29999]} 1. d4 Nf6 2. c4 g6 3. Nc3 Bg7 4. e4 d6 5. Nf3 O-O 6. Be2 e5 7. O-O Nc6 8. d5 Ne7 9. Be3 Nd7 10. Ne1 f5 11. f3 f4 12. Bf2 g5 13. g4 fxg3 14. hxg3 h5 {E99: King's Indian: Classical Main Line: 9 Ne1 Nd7 10 f3 f5.} 15. Kg2 ({Better is} 15. Qd2 $14) 15... Ng6 $11 16. Nd3 h4 {The position is equal.} 17. g4 {[#]} ({White should play} 17. gxh4 $11 Nxh4+ 18. Kh1) 17... b6 $146 ({Predecessor:} 17... c5 18. dxc6 bxc6 19. Be3 Bf6 20. Qd2 Be7 21. Rad1 Bb7 22. Nf2 Nf4+ 23. Kh2 Kg7 {½-½ (42) Hackbarth,W (2190)-Hinteregger,A (2160) Austria 1998}) 18. Rc1 a5 19. a3 Nc5 20. Nxc5 bxc5 21. Be3 Qf6 22. Qd2 Bh6 23. Rf2 Bd7 24. Rcf1 a4 25. Kh3 Qe7 26. Bd1 Nf4+ 27. Bxf4 Rxf4 28. Ne2 Bg7 (28... Rff8 $15) 29. Nxf4 $14 exf4 30. Re2 Be5 31. Bc2 Qf6 (31... Qg7 $11 {remains equal.}) 32. Bd3 (32. Rb1 $16) 32... Rb8 $11 33. Rff2 Rxb2 34. Qa5 {Black must now prevent Rxb2.} Rxe2 $2 (34... Rb3 $15 {keeps the upper hand.} 35. Bc2 Rxa3 36. Qxc7 Qg7) 35. Bxe2 $18 Bd4 (35... Qd8 {keeps fighting.}) 36. Rg2 (36. Rf1 $1 $18) 36... Be3 $2 (36... Qd8 $16 {is a better defense.}) 37. Qxc7 Be8 (37... Qe7 $142) 38. Qc8 Kf8 39. Qf5 Kg7 {[#]} 40. Qxf6+ $2 (40. e5 $1 $18 {and White stays clearly on top.} Qxe5 (40... dxe5 41. Bd3) 41. Qxe5+ dxe5 42. Bd3) 40... Kxf6 {[%mdl 4096] Endgame KRB-KB} 41. Bd1 {Threatens to win with Rb2.} Ke5 $2 {[%mdl 8192]} (41... Bd4 $16 42. Rc2 Ke7) 42. Rb2 Bc1 43. Rb8 Bf7 44. Rb7 Kf6 45. Bxa4 Bxa3 46. Bc6 Bb2 47. Bb5 $2 (47. Rxb2 Bg6 48. Rb7) 47... Be5 48. Rd7 Bg6 49. Rb7 Bf7 $1 50. Rb6 Ke7 51. Kg2 Kf8 52. Rb7 h3+ $2 (52... Bd4 {might work better.} 53. Rd7 Be5) 53. Kxh3 Kg8 $2 (53... Bg6 54. Kg2 Bd4) 54. Bc6 (54. Rb8+ $142 Kg7 55. Be8 Bxe8 56. Rxe8) 54... Bd4 $2 (54... Kf8 55. Ra7 Bf6) 55. Bd7 Be5 $2 (55... Kf8 56. Kg2 Be5) 56. Be6 Bxe6 57. dxe6 {Threatening mate with Rb8+. KR-KB} Kf8 58. Rd7 Ke8 59. Rg7 $4 {[%mdl 8192]} (59. Rf7 $18 Bc3 60. Rf5) 59... Kd8 $4 {[%mdl 8192]} (59... Bxg7 {avoids the disaster.} 60. Kg2 Ke7 61. Kf1 Kxe6 62. Ke2 Bc3 63. Kd3 Bb4 64. Ke2 Ke5 65. Kd3 Ba5 66. Kc2 Kd4 67. Kb3 Ke3 68. Ka4 Kxf3 69. Kxa5 Kxg4 70. Ka4 f3 71. Kb3 Kf4 72. Ka4 g4 73. Kb5 g3 74. Kb6 Kxe4 75. Kb7 f2 76. Kc6 f1=Q 77. Kc7 Qf7+ 78. Kb6 g2 79. Ka6 g1=Q 80. Ka5 Qb7 81. Ka4 Qb4#) 60. Rg6 Ke8 61. Rxg5 Ke7 {[#]} 62. Rf5 (62. Rxe5 $142 $1 dxe5 63. Kh4 Kxe6 64. Kh5 Kd7 65. g5 Kc7 66. g6 Kb6 67. g7) 62... Kxe6 63. g5 Bd4 64. Kg4 Bg7 65. g6 Be5 {[#]} 66. Rf7 (66. Rxe5+ $142 $1 Kxe5 (66... dxe5 67. Kg5) 67. g7 Kd4 68. g8=Q Kc3 69. Kxf4 Kc2 70. Ke3 d5 71. exd5) 66... Bg7 67. Rxg7 {KR-K3P} Kf6 68. Rf7+ Kxg6 69. Rf5 Kg7 70. Kxf4 {KR-KPP} Kg6 71. e5 (71. Kg4 $142 Kh6 72. Rg5 d5 73. exd5 Kh7 74. d6 Kh6 75. d7 Kh7 76. d8=Q Kh6 77. Qh8#) 71... Kg7 72. e6 {White mates.} Kg6 73. Ke4 Kg7 74. Kd5 Kh7 75. e7 Kg7 76. e8=Q Kh7 77. Qe6 Kg7 78. Rf7+ Kh8 79. Qe8# {What a bad dream for Black. Accuracy: White = 48%, Black = 42%.} 1-0

[Event "Stay Safe Play From Home 356"]
[Site "Emanuel Lasker Arena"]
[Date "2020.08.04"]
[Round "1"]
[White "Lazieri3"]
[Black "Padmaesh M K"]
[Result "1-0"]
[WhiteElo "2069"]
[BlackElo "1810"]
[Annotator "TA"]
[PlyCount "33"]
[EventDate "2020.08.04"]
[EventType "swiss (blitz)"]

{[%evp 9,33,-4,1,4,15,-13,-8,-27,-31,-59,519,511,506,514,508,506,893,449,811,385,379,360,336,22,29998,29999]} 1. e4 e5 2. Nc3 Nc6 3. Nf3 Bc5 4. d4 Bxd4 5. Nxd4 exd4 6. Nd5 {C46: 3 Nc3: Unusual Black 3rd moves.} d6 7. Bb5 Nge7 8. Bg5 {Black must now prevent Bxe7.The position is equal.} f6 {[#]} 9. Qh5+ $146 ({Predecessor:} 9. Bh4 a6 10. Ba4 b5 11. Bb3 Be6 12. O-O Ne5 13. Qh5+ Bf7 14. Qd1 c6 15. Nf4 Bxb3 16. axb3 {0-1 (41) Losev,V (638)-Brough,C (632) LSS email 2010}) 9... g6 $2 {[%mdl 8192]} (9... Ng6 $15 10. Bd2 Be6) 10. Nxf6+ $18 {[%mdl 64] [#] Double Attack} Kf7 11. Qf3 Ne5 12. Qf4 Kg7 (12... c6 $142 13. Nd5+ Bf5) 13. O-O-O {Strongly threatening Bh6+.} Rf8 (13... Nf7 $142 14. h4 (14. Rxd4 Nxg5 15. Qxg5 h6 $16) 14... h6 15. Ne8+ Kf8) 14. Bh6+ (14. Qh4 $142 {[%csl Gf6][%cal Rh4h7]} Rxf6 15. Bxf6+ Kf7 16. f4) 14... Kh8 {and if ...Ng4 works, Black does fine.} 15. Bxf8 Qxf8 16. Nh5 $2 (16. Rxd4 a6 $16) (16. Qh4 $18 {[%csl Gf6][%cal Rh4h7]} h5 17. Rxd4) 16... Qg8 $2 {[%mdl 8192] [#]} (16... Bg4 $11 17. Qxf8+ Rxf8) 17. Qf6+ {[%mdl 64] Double Attack. Accuracy: White = 31%, Black = 38%.} 1-0

[Event "Stay Safe Play From Home 356"]
[Site "Emanuel Lasker Arena"]
[Date "2020.08.04"]
[Round "1"]
[White "Ao017545"]
[Black "Lamborghini"]
[Result "0-1"]
[WhiteElo "1674"]
[BlackElo "2277"]
[Annotator "NA RC"]
[PlyCount "82"]
[EventDate "2020.08.04"]
[EventType "swiss (blitz)"]

1. e4 {[%emt 0:00:01]} c5 {[%emt 0:00:02]} 2. Nf3 {[%emt 0:00:00]} d6 {[%emt 0:00:00]} 3. Bc4 {[%emt 0:00:01]} e6 {[%emt 0:00:01]} 4. e5 {[%emt 0:00:01]} d5 {[%emt 0:00:02]} 5. Be2 {[%emt 0:00:03]} Nc6 {[%emt 0:00:01]} 6. c3 {[%emt 0:00:01]} Nge7 {[%emt 0:00:03]} 7. d4 {[%emt 0:00:01]} cxd4 {[%emt 0:00:01]} 8. cxd4 {[%emt 0:00:00]} Nf5 {[%emt 0:00:00]} 9. Bb5 {[%emt 0:00:01]} Qb6 {[%emt 0:00:03]} 10. Nc3 {[%emt 0:00:02]} Bd7 {[%emt 0:00:01]} 11. Bxc6 {[%emt 0:00:01]} Bxc6 {[%emt 0:00:01]} 12. O-O {[%emt 0:00:01]} Be7 {[%emt 0:00:00]} 13. Be3 {[%emt 0:00:02]} O-O {[%emt 0:00:02]} 14. Rb1 {[%emt 0:00:01]} Rfc8 {[%emt 0:00:01]} 15. Na4 {[%emt 0:00:00]} Qa5 {[%emt 0:00:02]} 16. b3 {[%emt 0:00:03]} Bxa4 {[%emt 0:00:02]} 17. bxa4 {[%emt 0:00:00]} b6 {[%emt 0:00:01]} 18. Qb3 {[%emt 0:00:02]} Rc4 {[%emt 0:00:01]} 19. Rfc1 {[%emt 0:00:04]} Rac8 {[%emt 0:00:01]} 20. Rxc4 {[%emt 0:00:02]} Rxc4 {[%emt 0:00:00]} 21. Rc1 {[%emt 0:00:01]} Nxe3 {[%emt 0:00:01]} 22. Qxe3 {[%emt 0:00:05]} Qxa4 {[%emt 0:00:01]} 23. Rxc4 {[%emt 0:00:04]} Qxc4 {[%emt 0:00:00]} 24. h3 {[%emt 0:00:02]} h6 {[%emt 0:00:01]} 25. Qd2 {[%emt 0:00:02]} a5 {[%emt 0:00:02]} 26. Kh2 {[%emt 0:00:00]} Bb4 {[%emt 0:00:02]} 27. Qb2 {[%emt 0:00:01]} b5 {[%emt 0:00:01]} 28. a3 {[%emt 0:00:00]} Bc3 {[%emt 0:00:01]} 29. Qc2 {[%emt 0:00:02]} b4 {[%emt 0:00:01]} 30. axb4 {[%emt 0:00:01]} Qxb4 {[%emt 0:00:01]} 31. Qa2 {[%emt 0:00:01]} a4 {[%emt 0:00:01]} 32. Nh4 {[%emt 0:00:02]} Bxd4 {[%emt 0:00:01]} 33. Qc2 {[%emt 0:00:01]} Bxe5+ {[%emt 0:00:01]} 34. g3 {[%emt 0:00:02]} Qxh4 {[%emt 0:00:00]} 35. Qc8+ {[%emt 0:00:01]} Kh7 {[%emt 0:00:00]} 36. Qc2+ {[%emt 0:00:00]} g6 {[%emt 0:00:02]} 37. Qc8 {[%emt 0:00:00]} Qf6 {[%emt 0:00:00]} 38. Qb7 {[%emt 0:00:01]} Bd4 {[%emt 0:00:01]} 39. Qa6 {[%emt 0:00:02]} h5 {[%emt 0:00:00]} 40. Qxa4 {[%emt 0:00:01]} Qxf2+ {[%emt 0:00:01]} 41. Kh1 {[%emt 0:00:01]} Qg1# {[%emt 0:00:00] (Lag: Av=0.58s, max=0.9s) (Lag: Av=0.58s, max=0.9s) (Lag: Av=0.58s, max=0.9s) (Lag: Av=0.58s, max=0.9s) (Lag: Av=0.58s, max=0.9s)} 0-1

[Event "Stay Safe Play From Home 356"]
[Site "Emanuel Lasker Arena"]
[Date "2020.08.04"]
[Round "2"]
[White "AChessPlayer"]
[Black "Fischer_11"]
[Result "1-0"]
[WhiteElo "2388"]
[BlackElo "2120"]
[Annotator "NA RC"]
[PlyCount "79"]
[EventDate "2020.08.04"]
[EventType "swiss (blitz)"]

1. Nf3 {[%emt 0:00:01]} Nf6 {[%emt 0:00:01]} 2. g3 {[%emt 0:00:00]} e6 {[%emt 0:00:00]} 3. Bg2 {[%emt 0:00:00]} d5 {[%emt 0:00:00]} 4. O-O {[%emt 0:00:00]} Be7 {[%emt 0:00:00]} 5. d3 {[%emt 0:00:00]} O-O {[%emt 0:00:00]} 6. Nbd2 {[%emt 0:00:00]} c5 {[%emt 0:00:00]} 7. e4 {[%emt 0:00:02]} Nc6 {[%emt 0:00:00]} 8. Re1 {[%emt 0:00:02]} b6 {[%emt 0:00:01]} 9. exd5 {[%emt 0:00:03]} exd5 {[%emt 0:00:01]} 10. Ne5 {[%emt 0:00:02]} Bb7 {[%emt 0:00:08]} 11. Ndf3 {[%emt 0:00:04]} Bd6 {[%emt 0:00:02]} 12. Nxc6 {[%emt 0:00:01]} Bxc6 {[%emt 0:00:01]} 13. d4 {[%emt 0:00:00]} Re8 {[%emt 0:00:04]} 14. Rxe8+ {[%emt 0:00:03]} Qxe8 {[%emt 0:00:00]} 15. Be3 {[%emt 0:00:01]} c4 {[%emt 0:00:01]} 16. c3 {[%emt 0:00:03]} b5 {[%emt 0:00:01]} 17. Qc2 {[%emt 0:00:01]} a5 {[%emt 0:00:01]} 18. Re1 {[%emt 0:00:00]} Qd7 {[%emt 0:00:02]} 19. Bg5 {[%emt 0:00:01]} Re8 {[%emt 0:00:03]} 20. Bxf6 {[%emt 0:00:01]} Rxe1+ {[%emt 0:00:02]} 21. Nxe1 {[%emt 0:00:00]} gxf6 {[%emt 0:00:01]} 22. Qd2 {[%emt 0:00:01]} Qe7 {[%emt 0:00:03]} 23. Bf3 {[%emt 0:00:01]} b4 {[%emt 0:00:01]} 24. Bg4 {[%emt 0:00:02]} bxc3 {[%emt 0:00:01]} 25. bxc3 {[%emt 0:00:00]} Bd7 {[%emt 0:00:07]} 26. Bxd7 {[%emt 0:00:01]} Qxd7 {[%emt 0:00:00]} 27. Ng2 {[%emt 0:00:00]} Qa4 {[%emt 0:00:03]} 28. Nh4 {[%emt 0:00:02]} Qb5 {[%emt 0:00:04]} 29. Kg2 {[%emt 0:00:01]} Qb1 {[%emt 0:00:01]} 30. Nf5 {[%emt 0:00:00]} Qxf5 {[%emt 0:00:01]} 31. f3 {[%emt 0:00:01]} Qd3 {[%emt 0:00:01]} 32. Qb2 {[%emt 0:00:01]} Bf8 {[%emt 0:00:03]} 33. a4 {[%emt 0:00:01]} h6 {[%emt 0:00:00]} 34. h4 {[%emt 0:00:01]} h5 {[%emt 0:00:00]} 35. Qc1 {[%emt 0:00:02]} Kg7 {[%emt 0:00:00]} 36. Qf4 {[%emt 0:00:01]} Qc2+ {[%emt 0:00:01]} 37. Kh3 {[%emt 0:00:01]} Qxc3 {[%emt 0:00:00]} 38. g4 {[%emt 0:00:00]} Qd3 {[%emt 0:00:00]} 39. gxh5 {[%emt 0:00:01]} Qh7 {[%emt 0:00:02]} 40. Kg4 {[%emt 0:00:01] Zeit Zeit Zeit Zeit Zeit} 1-0

[Event "Stay Safe Play From Home 356"]
[Site "Emanuel Lasker Arena"]
[Date "2020.08.04"]
[Round "2"]
[White "Broken sword"]
[Black "TheCHESSHOUSE"]
[Result "1-0"]
[WhiteElo "2376"]
[BlackElo "2116"]
[Annotator "TA"]
[PlyCount "97"]
[EventDate "2020.08.04"]
[EventType "swiss (blitz)"]

{[%evp 21,97,23,39,33,33,-8,0,-1,0,-12,0,-10,0,2,21,-32,0,0,21,9,55,0,4,0,0,0,0,0,25,0,61,11,176,-10,0,-12,-10,-6,348,344,398,418,414,409,501,464,434,0,332,260,440,106,341,168,829,0,0,0,1880,389,1360,258,237,251,520,519,713,701,29990,931,29990,860,29992,6199,29987,29988,29995,29991]} 1. e4 c5 2. Nf3 d6 3. d4 cxd4 4. Nxd4 Nf6 5. Nc3 g6 6. Be3 Bg7 7. Bc4 Nc6 8. Qd2 O-O 9. f3 Ne5 10. Bb3 Bd7 11. O-O Rc8 12. Rfd1 {B77: Sicilian Dragon: Yugoslav Attack, 9 Bc4 sidelines.} a6 13. Bh6 Nc4 14. Bxc4 $1 {The position is equal.} Rxc4 15. Bxg7 Kxg7 16. Kh1 b5 17. a3 Qb6 {[#]} 18. Nce2 $146 (18. Nd5 $11 Nxd5 19. exd5) ({Predecessor:} 18. Nde2 Rfc8 19. Rac1 b4 20. Nb1 a5 21. c3 Ba4 22. Re1 Bb3 23. Nd4 bxc3 24. bxc3 {½-½ (67) Birnkott,M-Raabe,J (2089) Leverkusen 2001}) 18... Rfc8 {Hoping for ...e5.} 19. c3 e5 20. Nc2 Ne8 (20... d5 $5) 21. Rac1 ({White should play} 21. Ne3 $14) 21... Be6 22. Re1 a5 23. Ng3 h6 24. Red1 Qc5 25. Nf1 Rd8 (25... Qc7 $11) 26. h3 d5 $2 (26... Qc7 $11) 27. exd5 $2 ({White should try} 27. Nce3 $18) 27... Rxd5 $11 28. Qe1 {Threatens to win with Rxd5.} Rxd1 29. Rxd1 Bf5 $2 {[%mdl 8192]} (29... Qc7 $11) 30. Nce3 $18 Ra4 31. Nxf5+ gxf5 32. Ne3 Kf6 33. Nd5+ Ke6 34. Ne3 $2 (34. Qd2 $18 f4 35. Nxf4+ $1 {[%mdl 512]} Rxf4 36. Qd7+ {[%mdl 64] Double Attack} Kf6 37. Qxe8) 34... Nd6 $2 {[%mdl 8192]} (34... Kf6 $1 $11 35. Qd2 Kg6) 35. Qd2 e4 $2 (35... f4) 36. fxe4 $2 (36. Nd5 $18 {is more deadly.} f6 37. b4 axb4 38. axb4) 36... Rxe4 $2 (36... Nxe4 $16 37. Qd7+ Kf6 38. Nd5+ Kg7) 37. Nc2 (37. Nd5 $142) 37... Nc4 $2 (37... Ke7 38. b4 (38. Qxh6 Re2 $18) 38... axb4) 38. Qd7+ $2 (38. Qxh6+ $18 f6 39. Nd4+ Rxd4 40. cxd4) 38... Kf6 $11 39. Nd4 ({Reject} 39. Rd5 Qf2 $17) 39... Ne5 $2 {[%mdl 8192]} (39... Nxb2 $11 40. Rf1 f4) 40. Qd8+ $2 (40. Qxf5+ Kg7 41. Qxe4) 40... Kg7 $2 (40... Qe7 41. Qh8+ (41. Nxb5 Qxd8 42. Rxd8 f4 $16) 41... Kg6) 41. Rf1 $2 (41. Nxf5+ Kg6 42. Ne7+ Kf6 43. Rf1+ Nf3 44. Nd5+ {[%mdl 64] Discovered Attack (Double check)} Ke5 45. Rxf3 Re1+ 46. Kh2) 41... Nc6 $18 42. Qc7 ({But not} 42. Rxf5 Nxd8 43. Rxc5 b4) 42... Rxd4 $2 (42... Qc4 {keeps fighting.} 43. Nxf5+ Kh7) 43. cxd4 {[%mdl 4096] Endgame KQR-KQN} Qc4 44. Rxf5 {White wants to mate with d5.} b4 45. axb4 (45. d5 $142 Qc1+ 46. Kh2 $1 {[%mdl 512]} Nd8 47. Qxc1 f6 48. Qc7+ $1 {[%mdl 512]} Nf7 49. Qe7 $1 {[%mdl 576] Double Attack} Kg6 50. Rxf6+ {[%mdl 64] Double Attack} Kh5 51. Qxf7+ Kh4 52. Rxh6+ Kg5 53. Rh5#) 45... axb4 46. Kh2 (46. d5 $142 Qc1+ 47. Kh2 $1 {[%mdl 512]} Nd8 48. Qxd8 Qg5 49. Rxg5+ hxg5 50. Qxg5+ Kf8 51. d6) 46... b3 47. Rc5 (47. d5 $142 Nd8 48. Qxc4 Nb7 {[#]} 49. Qc7 $1 {[%mdl 512]} Nd8 50. Qxd8 Kg6 51. Qf6+ {[%mdl 64] Double Attack} Kh7 52. Qxf7+ Kh8 53. Qg6 h5 54. Rxh5#) 47... Qe2 48. Rxc6 Qe6 49. Qg3+ {Accuracy: White = 35%, Black = 22%.} 1-0